• 首页
  • 本馆介绍
  • 公告通知
  • 最新文献
  • 馆藏检索
  • 电子资源
  • 读者导购
  • 参考咨询
  • 我的图书馆
  • 登录
  • 详细信息显示
  • 放入我的书架
  • 预约/预借图书
  • 作者相关作品
  • 分类相关作品
  • 丛书相关作品
  • 出版社相关作品

书目信息

  • 表格格式
  • 工作单格式
  • 卡片格式
题名:
大门建筑设计
    
 
作者: 卢济威 著
分册:  
出版信息: 北京   中国建筑工业出版社  1983
页数: 152页
开本: 25cm
丛书名:
单 册:
中图分类: TU228
科图分类:
主题词: 建筑构造--结构设计
电子资源:
ISBN:
000 00622nam0 2200241 45
001 0183004873
005 20040517095708.4
010    @dCNY1.05
091    @a15040.4523
100    @a19950601d1983 em y0chiy0121 ea
101 0  @achi
102    @aCN@b110000
105    @ay z 000yy
106    @ar
200 10 @a大门建筑设计@Ada men jian zhu she ji@f卢济威著
210    @a北京@c中国建筑工业出版社@d1983
215    @a152页@d25cm
606 0  @a建筑构造@x结构设计
690    @aTU228
701  0 @a卢济威@Alu ji wei@4著
801  0 @aCN@b上海图书馆@c20040517
801  2 @aCN@bNLC@c20040517
905    @f1@b104115@dTU228@e34
    
    大门建筑设计/卢济威著.-北京:中国建筑工业出版社,1983
    152页;25cm
    
    
    ISBN :CNY1.05
    
●
相关链接 在E读中查询图书 在五车中查询图书 在当当中查询图书 在豆瓣中查询图书


正题名:大门建筑设计     索取号:TU228/34         预约/预借

序号 登录号 条形码 馆藏地/架位号 状态 备注
1 0104115   001470955   第三借阅区/ [索取号:TU228/34] 在馆    
2 0104116   001480702   第二样本阅览室/ [索取号:TU228/34] 在馆    
唐山师范学院图书馆 欢迎您!
大连网信软件有限公司© 版权所有